000 00695nam a2200289Ia 4500
005 20260324114141.0
008 008 260324s9999 xx 000 0 eng d
020 _a9781003379225
037 _aEBOOK
040 _aCRL
040 _beng
040 _cCRL
041 _2eng
041 _aeng
084 _qCRL
100 _aMaria Rentetzi
_91149631
245 4 _aThe Gender of Things
245 0 _bHow Epistemic and Technological Objects Become Gendered
260 _bTaylor and Francis
260 _c2023
365 _a
365 _b230
856 _uhttp://www.taylorfrancis.com/books/9781003379225
942 _cEBOOK
999 _c1739658
_d1739658